<?xml version="1.0" encoding="UTF-8"?>
<record
    xmlns:xsi="http://www.w3.org/2001/XMLSchema-instance"
    xsi:schemaLocation="http://www.loc.gov/MARC21/slim http://www.loc.gov/standards/marcxml/schema/MARC21slim.xsd"
    xmlns="http://www.loc.gov/MARC21/slim">

  <leader>01098cam a2200229 a 4500</leader>
  <controlfield tag="001">000011895</controlfield>
  <controlfield tag="005">20200929162616.0</controlfield>
  <controlfield tag="008">891122s1991    pr a     b   s101 0 spa  </controlfield>
  <datafield tag="020" ind1=" " ind2=" ">
    <subfield code="a">0847736156</subfield>
  </datafield>
  <datafield tag="040" ind1=" " ind2=" ">
    <subfield code="a">DO-SdBNP</subfield>
    <subfield code="b">spa</subfield>
    <subfield code="c">DLC</subfield>
    <subfield code="d">BNPHU</subfield>
  </datafield>
  <datafield tag="082" ind1=" " ind2=" ">
    <subfield code="a">460.7</subfield>
    <subfield code="b">S471e</subfield>
  </datafield>
  <datafield tag="111" ind1="2" ind2=" ">
    <subfield code="a">Seminario Internacional sobre Aportes de la Ling&#xFC;&#xED;stica a la Ense&#xF1;anza del Espa&#xF1;ol como Lengua Materna</subfield>
    <subfield code="n">2a :</subfield>
    <subfield code="d">1988 :</subfield>
    <subfield code="c">Rio Piedras, San Juan, Puerto Rico</subfield>
    <subfield code="9">28127</subfield>
  </datafield>
  <datafield tag="245" ind1="1" ind2="3">
    <subfield code="a">La ense&#xF1;anza del espa&#xF1;ol como lengua materna :</subfield>
    <subfield code="b">Actas del II Seminario Internacional sobre Aportes de la Ling&#xFC;&#xED;stica a la Ense&#xF1;anza del Espa&#xF1;ol como Lengua Materna /</subfield>
    <subfield code="c">Humberto L&#xF3;pez Morales, editor.</subfield>
  </datafield>
  <datafield tag="260" ind1=" " ind2=" ">
    <subfield code="a">Rio Piedras, (Puerto Rico) :</subfield>
    <subfield code="b">Universidad de Puerto Rico,</subfield>
    <subfield code="c">1991.</subfield>
  </datafield>
  <datafield tag="300" ind1=" " ind2=" ">
    <subfield code="a">273 p. :</subfield>
    <subfield code="b">il. ;</subfield>
    <subfield code="c">23 cm.</subfield>
  </datafield>
  <datafield tag="504" ind1=" " ind2=" ">
    <subfield code="a">Incluye referencias bibliogr&#xE1;ficas.</subfield>
  </datafield>
  <datafield tag="650" ind1=" " ind2="4">
    <subfield code="a">Idioma espa&#xF1;ol</subfield>
    <subfield code="x">Estudio y ense&#xF1;anza</subfield>
    <subfield code="x">Congreso</subfield>
    <subfield code="9">28128</subfield>
  </datafield>
  <datafield tag="650" ind1=" " ind2="4">
    <subfield code="a">Espa&#xF1;ol</subfield>
    <subfield code="x">Ense&#xF1;anza</subfield>
    <subfield code="x">Congresos, conferencias, etc.</subfield>
    <subfield code="9">28129</subfield>
  </datafield>
  <datafield tag="700" ind1="1" ind2=" ">
    <subfield code="a">L&#xF3;pez Morales, Humberto.</subfield>
    <subfield code="e">ed.</subfield>
    <subfield code="9">5734</subfield>
  </datafield>
  <datafield tag="910" ind1=" " ind2=" ">
    <subfield code="a">Catalogaci&#xF3;n por copia / LC</subfield>
  </datafield>
  <datafield tag="049" ind1=" " ind2=" ">
    <subfield code="a">BNGR</subfield>
  </datafield>
  <datafield tag="952" ind1=" " ind2=" ">
    <subfield code="0">0</subfield>
    <subfield code="1">0</subfield>
    <subfield code="5">2</subfield>
    <subfield code="7">0</subfield>
    <subfield code="8">MO</subfield>
    <subfield code="a">GR</subfield>
    <subfield code="b">GR</subfield>
    <subfield code="c">CT</subfield>
    <subfield code="d">2009-10-29</subfield>
    <subfield code="i">LF1</subfield>
    <subfield code="l">0</subfield>
    <subfield code="o">460.7 S471e</subfield>
    <subfield code="p">11895-10</subfield>
    <subfield code="r">2020-06-25</subfield>
    <subfield code="w">2020-06-25</subfield>
    <subfield code="y">2</subfield>
    <subfield code="Z">Pr&#xE9;stamo interno</subfield>
  </datafield>
  <datafield tag="999" ind1=" " ind2=" ">
    <subfield code="c">11565</subfield>
    <subfield code="d">11565</subfield>
  </datafield>
</record>
